History Quiz

Random History or College Quiz

O Colleges in Ohio Quiz Stats

 Plays Quiz not verified by Sporcle

Also try: 'L' in History
Challenge
Share
Tweet
Embed
Score 0/7 Timer 02:00
0 Plays Today
Colleges starting with O in Ohio % Correct
Ohio State University
95.9%
Ohio University
95.3%
Oberlin College
66.1%
Otterbein College
46.2%
Ohio Northern University
37.4%
Ohio Wesleyan University
32.7%
Ohio Dominican
26.3%

You're not logged in!

Compare scores with friends on all Sporcle quizzes.
Join for Free
OR
Log In

You Might Also Like...

Show Comments

Extras

Created Dec 15, 2009ReportNominate
Tags:College Quiz, ohio, starting

Top Quizzes Today


Score Distribution

Your Account Isn't Verified!

In order to create a playlist on Sporcle, you need to verify the email address you used during registration. Go to your Sporcle Settings to finish the process.

Report this User

Report this user for behavior that violates our Community Guidelines.

Details: